Štát bude chrániť domácich výrobcov netarifnými opatreniami

Výťah z príspevku slovenského ministra hospodárstva J. Duckého na medzinárodnej konferencii Horizonty prosperity SR v apríli 1996. Zahraničný obchod. Makroekonomické ukazovatele slovenského hospodárstva sú priaznivé. Vzrast investícií v r. 1995. Potreba oživenia strojárstva. Privatizácia v SR. Probl...

Ausführliche Beschreibung

Gespeichert in:
Bibliographische Detailangaben
1. Verfasser: Ducký, Ján
Weitere Verfasser: Švec, P.
Format: Buchkapitel
Sprache:Slowakisch
Schlagworte:
Tags: Tag hinzufügen
Keine Tags, Fügen Sie das erste Tag hinzu!

MARC

LEADER 00000naa a2200000 4500
001 r021126
005 20230921074128.3
041 0 |a slo 
044 |a SK 
245 1 0 |a Štát bude chrániť domácich výrobcov netarifnými opatreniami  |c Ján Ducký, P. Švec 
520 |a Výťah z príspevku slovenského ministra hospodárstva J. Duckého na medzinárodnej konferencii Horizonty prosperity SR v apríli 1996. Zahraničný obchod. Makroekonomické ukazovatele slovenského hospodárstva sú priaznivé. Vzrast investícií v r. 1995. Potreba oživenia strojárstva. Privatizácia v SR. Problém spotreby elektrickej energie. J. Ducký očakáva skoré začlenenie SR do OECD. 
610 2 0 |a Slovensko 
610 2 0 |a rast hospodársky 
610 2 0 |a 1995 
610 2 0 |a 1996 
610 2 0 |a apríl 
610 2 0 |a konferencie 
610 2 0 |a obchod zahraničný 
610 2 0 |a investície 
610 2 0 |a privatizácia 
610 2 0 |a priemysel strojársky 
610 2 0 |a spotreba energie 
610 2 0 |a OECD 
100 1 |a Ducký, Ján 
700 1 |a Švec, P.